Statistiques concernant Les 50... Personnages de Bluey

Cliquez ici pour prendre le quiz!

Statistiques générales

  • Ce quiz a été pris 5 fois
    (3 depuis la dernière actualisation)
  • Le résultat moyen est 9 sur 50

Statistiques - réponses

Réponse% Correct
Bluey
100%
Bandit
67%
Bingo
67%
Chloé
67%
Coco
67%
Muffin
67%
Socks
67%
Chili
33%
Indy
33%
Jack
33%
Jean-luc
33%
Judo
33%
Les Terriers
33%
Mackenzie
33%
Nana
33%
Oncle Stripe
33%
Pom pom
33%
Rusty
33%
Snickers
33%
Barnabé
0%
Bentley
0%
Bob
0%
Brandy
0%
Bucky
0%
Buddy
0%
Busker
0%
Calypso
0%
Chucky
0%
Digger
0%
Doreen
0%
Dougie
0%
Dusty
0%
Floppy
0%
Frisky
0%
Gladys
0%
Honey
0%
Janelle
0%
Janet
0%
Lila
0%
Lucky
0%
Madame Retriever
0%
Madge
0%
Missy
0%
Mort
0%
Pat
0%
Rad
0%
Rita
0%
Tante Trixie
0%
Wendy
0%
Winton
0%

Distribution des résultats

Percentile par nombre de réponses

% des personnes avec chaque résultat

Votre développement - résultats

Vous n’avez pas pris ce quiz depuis la dernière actualisation